Statistics for finish the panic! lyric (for real fans)

Click here to take the quiz!

General Stats

  • This quiz has been taken 4 times
  • The average score is 8 of 15

Answer Stats

HintAnswer% Correct
It's the false side of hope where believers concedeAnd there's only memories when it's over
100%
Swan diving off of the deep endOf my tragic cigarette
100%
It's almost like I've found a friendWho's in it for the bitter end
100%
The high rise lights read your rightsAnd a downtown storm with Aries rising
50%
A. Indifference orB. Disinterest in what the critics say
50%
Watch love Get strangled by a kite's cold stringsFall comes early and summer leaves As a storm with the car keys
50%
Soft hearts electric soulsHeart to heart and eyes to eyes
50%
All that hate is gonna burn you upIt keeps me warm at night
50%
You've got it all worked out with so little timeMemories that I'd blackout if you were mine
50%
Then they celebrate my medalsOr they wanna take my trophies
50%
Fashion magazines line the walls nowThe walls line the bullet holes
50%
Way down 'til the fire finally dies outYou've got them wrapped around your finger watch them fall down
50%
Don't wanna call it a second chance But when I came back, it was more of a relapseAnticipation's on the other line An obsession called while you were out
0%
His arms were the branches of a Christmas treePreached the devil in the belfry
0%
In this little number, we are graced by two displays of characterWe've got the gunslinger extraordinaire, a walking contradiction
0%

Score Distribution

Percentile by Number Answered

Percent of People with Each Score

Your Score History

You have not taken this quiz